Conservation

Conservation gives an overview of all aspects of this rapidly changing and controversial field. With the decline of species and our encroachment on natural habitats, conservation is increasingly in the public eye. Maintaining the diversity of life on this planet and using our natural resources in a...

全面介紹

Đã lưu trong:
書目詳細資料
主要作者: Hambler, Clive
格式: 圖書
語言:Undetermined
出版: Cambridge, UK Cambridge University Press 2004
主題:
標簽: 添加標簽
沒有標簽, 成為第一個標記此記錄!
Thư viện lưu trữ: Trung tâm Học liệu Trường Đại học Cần Thơ
LEADER 01232nam a2200217Ia 4500
001 CTU_166718
008 210402s9999 xx 000 0 und d
020 |c 55 
082 |a 333.9516 
082 |b H199 
100 |a Hambler, Clive 
245 0 |a Conservation 
245 0 |c Clive Hambler 
260 |a Cambridge, UK 
260 |b Cambridge University Press 
260 |c 2004 
520 |a Conservation gives an overview of all aspects of this rapidly changing and controversial field. With the decline of species and our encroachment on natural habitats, conservation is increasingly in the public eye. Maintaining the diversity of life on this planet and using our natural resources in a sustainable manner is important to protect the options of future generations. An understanding of conservation biology is essential to debates and action on the environment. As with all books in the Studies in Biology series, Clive Hambler's text will act as an aid to learning and to field work, and can be used as an introductory text and a study aid for examinations. 
650 |a Conservation biology 
650 |x Bảo tồn sinh học 
904 |i Trọng Hiếu 
980 |a Trung tâm Học liệu Trường Đại học Cần Thơ